000 01041pam a2200265 a 4500
999 _c332189
_d332189
001 2140552
003 NUST
005 20171117101814.0
008 980324s1999 flua b 001 0 eng
010 _a 98004419
020 _a156670281X (alk. paper)
040 _aDLC
_cDLC
_dDLC
050 0 0 _aTD1030
_b.S45 1999
082 0 0 _a628.5 SEL
_221
100 1 _aSellers, Kathleen.
_96483
245 1 0 _aFundamentals of hazardous waste site remediation /
_cKathleen Sellers.
260 _aBoca Raton :
_bLewis Publishers,
_cc1999.
300 _a326 p. :
_bill. ;
_c25 cm.
500 _aH.B
504 _aIncludes bibliographical references and index.
650 0 _aHazardous waste site remediation.
_96370
856 4 2 _3Publisher description
_uhttp://www.loc.gov/catdir/enhancements/fy0744/98004419-d.html
906 _a7
_bcbc
_corignew
_d1
_eocip
_f19
_gy-gencatlg
942 _2ddc
_cBK
_kIESE